000 00652nam a2200205Ii 4500
003 JO-AjNU
008 230605s9999||||xx |||||||||||||| ||und||
017 _a2007/12/3670
040 _aJO-AjNU
_bara
_erda
_cJO-AjNU
041 _aara
050 1 4 _aPJ7952.U738.D35 2007
100 3 _aنصير، عبدالمجيد,
_eauthor
_949054
245 0 0 _aالدل الناعس: ديوان شعر
264 3 1 _aعمان:وزارة الثقافة،2007
300 _a95ص
336 _atext
_btxt
_2rdacontent
337 _aunmediated
_bn
_2rdamedia
338 _avolume
_bnc
_2rdacarrier
650 4 _aالشعر العربي - العصر الحديث
_949055
999 _aA21522
_c25090
_d25090